Statistics for General Knowledge #1

Click here to take the quiz!

General Stats

  • This quiz has been taken 57 times
  • The average score is 7 of 15

Answer Stats

HintAnswer% Correct
Capital city of BrazilBrasilia
88%
Country that kiwi birds are associated withNew Zealand
76%
Religion that the Vatican City is famous forCatholicism
74%
River in ParisSeine
72%
Jesus' religionJewish
66%
Official language of New ZealandEnglish
62%
Winner of Euro 2016Portugal
40%
Spanish word for "red"Rojo
40%
Masculine version of the word "blonde"Blond
34%
Country in which the TV programme "Father Ted" is setIreland
34%
Team that won the English Permier League in 2015/16Leicester
34%
Fourth women's name in the chorus of Mambo No. 5Tina
24%
Musician with the most Instagram followersJustin Bieber
22%
Mayor of London (as of July 2016)Sadiq Khan
16%
Name for people from BarbadosBajan
6%

Score Distribution

Percentile by Number Answered

Percent of People with Each Score

Your Score History

You have not taken this quiz